000 01294nab a22002537a 4500
999 _c5280
_d5280
003 OSt
005 20250213104015.0
008 190429b xxu||||| |||| 00| 0 spa d
040 _cPJ
100 _96336
_aFusco, Leandro E.
245 1 0 _aDerecho al recurso y tenencia simple de estupefacientes en el caso "A." del Tribunal de Casación de la Provincia de Buenos Aires /
_cLeandro E. Fusco.
260 _cCiudad Autónoma de Buenos Aires :
_aThomson Reuters La Ley,
_b2025.
300 _ap. 246-253.
500 _aCita: AR/DOC/76/2025.
505 _aSumario: I. Introducción.— II. La doctrina de los fallos "Diez" y "Vega Giménez" de la CS.— III. Análisis del fallo de la casación.— IV. Reflexiones finales.
505 _aFallos comentados: TCasación Penal, Buenos Aires, sala V ~ 08/08/2024 ~ A., E. N. s/ recurso de queja.
505 _tSi te interesa el texto completo, solicitalo a koha@justierradelfuego.gov.ar
650 0 _9343
_aDERECHO PENAL
650 0 _92649
_aDOBLE INSTANCIA
650 0 _92882
_aTENENCIA DE ESTUPEFACIENTES
650 0 _96337
_aCULTIVO DE ESTUPEFACIENTES
773 0 _02658
_93164
_tRevista de derecho penal y criminología. Nº 1 - Febrero 2025
_dCiudad Autónoma de Buenos Aires : Thomson Reuters La Ley, 2017-
_x00347914
942 _2udc
_cANA